|
|
|
|
| LEADER |
00593cam a2200157 7i4500 |
| 001 |
0000008512 |
| 005 |
20170218090000.0 |
| 020 |
|
|
|a 0072337818
|
| 090 |
0 |
0 |
|a HG4026
|b .W55 2001
|
| 100 |
1 |
|
|a Will, Matthew
|
| 245 |
1 |
0 |
|a Study guide for use with fundamentals of corporate finance
|c prepared by Matthew Wil.
|
| 260 |
|
|
|a Boston:
|b McGraw-Hill/Irwin,
|c 2001.
|
| 300 |
|
|
|a vi, 338 p.:
|b ill.;
|c 28 cm.
|
| 500 |
|
|
|a Accompanies "Fundamentals of corporate finance by Richard A. Brealey, Stewart C. Myers, Alan J. Marcus. 3rd ed."
|
| 650 |
0 |
0 |
|a Corporations --
|x Finance
|
| 997 |
|
|
|a Business & Accountancy, Faculty
|